00745nam a2200217 a 4500001001000000003000400010005001700014008004100031020001500072040002500087082001900112100002900131245004500160260007900205300002100284490006700305586004500372650002200417650003600439830005200475000022727OSt20200930021748.0101116s1999 ve r 000 0 spa d a9800758992 aDO-SdBNPbspacBNPHU aV863.44bS678a1 aSocorro, Milagrosd1960-10aActos de salvajismo /cMilagros Socorro. aCaracas :bDecanato del Núcleo de Sucre,bUniversidad de Oriente,c1999. a103 p. ;c22 cm.1 aBienal literaria Literaria José Antonio Ramos Sucre ; v12 ; aPremio Mención Cuento Noviembre, 1997. 4aNovela venezolana 4aLiteratura venezolanaySIGLO XX 0aBienal literaria José Antonio Ramos Sucren12